书目信息 |
| 题名: |
置换群约化系数及其应用
|
|
| 作者: | 高美绢 , 陈金全 著 | |
| 分册: | ||
| 出版信息: | 北京 科学出版社 1981 |
|
| 页数: | 94页 | |
| 开本: | 25cm | |
| 丛书名: | ||
| 单 册: | ||
| 中图分类: | O152.8 | |
| 科图分类: | ||
| 主题词: | 约化理论-置换群 , 置换群-约化理论 | |
| 电子资源: | ||
| ISBN: | ||
| 000 | 00706nam0 2200253 45 | |
| 001 | 0181010187 | |
| 005 | 20060425170151.39 | |
| 010 | @dCNY2.15 | |
| 091 | @aCN@b13031.1527 | |
| 100 | @a19950622d1981 emky0chiy0121 ea | |
| 101 | 0 | @achi |
| 102 | @aCN@b110000 | |
| 105 | @ak z 000yy | |
| 200 | 10 | @a置换群约化系数及其应用@Azhi huan qun yue hua xi shu ji qi ying yong@f陈金全, 高美娟著 |
| 210 | @a北京@c科学出版社@d1981 | |
| 215 | @a94页@d25cm@e附表1袋 | |
| 606 | @a约化理论-置换群 | |
| 606 | @a置换群-约化理论 | |
| 690 | @aO152.8@v3 | |
| 701 | 0 | @a高美绢@Agao mei juan@4著 |
| 701 | 0 | @a陈金全@Achen jin quan@4著 |
| 801 | 2 | @aCN@bNLC@c20060425 |
| 801 | 0 | @aCN@bTSSF |
| 905 | @a10447@dO152.8@e2 | |
| 置换群约化系数及其应用/陈金全, 高美娟著.-北京:科学出版社,1981 |
| 94页;25cm+附表1袋 |
| ISBN :CNY2.15 |
| ● |
| 相关链接 |
|
|
|
|
正题名:置换群约化系数及其应用
索取号:O152.8/2
 
预约/预借
| 序号 | 登录号 | 条形码 | 馆藏地/架位号 | 状态 | 备注 |
| 1 | 0074019 | 202288684 | 密集书库/ [索取号:O152.8/2] | 在馆 | |
| 2 | 0074020 | 202288648 | 密集书库/ [索取号:O152.8/2] | 在馆 | |
| 3 | 0074021 | 202288602 | 密集书库/ [索取号:O152.8/2] | 在馆 | |
| 4 | 0074022 | 202288568 | 密集书库/ [索取号:O152.8/2] | 在馆 | |
| 5 | 0074023 | 202288728 | 密集书库/ [索取号:O152.8/2] | 在馆 |